Heart of a dolphin / (Record no. 417)
[ view plain ]
| 000 -LEADER | |
|---|---|
| fixed length control field | 02282nam a22004457a 4500 |
| 001 - CONTROL NUMBER | |
| control field | 417 |
| 003 - CONTROL NUMBER IDENTIFIER | |
| control field | FISKH |
| 005 - DATE AND TIME OF LATEST TRANSACTION | |
| control field | 20230410164115.0 |
| 008 - FIXED-LENGTH DATA ELEMENTS--GENERAL INFORMATION | |
| fixed length control field | 230410b cb ||||| |||| 00| 0 eng d |
| 020 ## - INTERNATIONAL STANDARD BOOK NUMBER | |
| International Standard Book Number | 9781338032826 (pbk.) |
| 020 ## - INTERNATIONAL STANDARD BOOK NUMBER | |
| International Standard Book Number | 9780545917636 |
| 020 ## - INTERNATIONAL STANDARD BOOK NUMBER | |
| International Standard Book Number | 1338032828 (pbk.) |
| 020 ## - INTERNATIONAL STANDARD BOOK NUMBER | |
| International Standard Book Number | 9780545917636 |
| 020 ## - INTERNATIONAL STANDARD BOOK NUMBER | |
| International Standard Book Number | 0545917638 |
| 035 ## - SYSTEM CONTROL NUMBER | |
| System control number | (OCoLC)ocn939559340 |
| 040 ## - CATALOGING SOURCE | |
| Original cataloging agency | CD5 |
| Language of cataloging | eng |
| Transcribing agency | CD5 |
| Description conventions | rda |
| -- | rda |
| Modifying agency | BTCTA |
| -- | YDXCP |
| -- | BDX |
| -- | OCLCQ |
| -- | BVD |
| -- | OKN |
| -- | IEU |
| -- | OU9 |
| -- | OCLCO |
| -- | ZQP |
| -- | OCLCF |
| -- | OCLCO |
| -- | OQX |
| -- | OKN |
| -- | OCLCO |
| -- | RV8 |
| -- | FSIMP |
| -- | DLC |
| -- | FISKH |
| 042 ## - AUTHENTICATION CODE | |
| Authentication code | lccopycat |
| 050 00 - LIBRARY OF CONGRESS CALL NUMBER | |
| Classification number | PZ7.H1996 |
| Item number | Hd 2016 |
| 082 ## - DEWEY DECIMAL CLASSIFICATION NUMBER | |
| Classification number | 813.6 |
| 100 1# - MAIN ENTRY--PERSONAL NAME | |
| Personal name | Hapka, Cathy, |
| Relator term | author. |
| 245 10 - TITLE STATEMENT | |
| Title | Heart of a dolphin / |
| Statement of responsibility, etc. | Catherine Hapka. |
| 264 #1 - PRODUCTION, PUBLICATION, DISTRIBUTION, MANUFACTURE, AND COPYRIGHT NOTICE | |
| Place of production, publication, distribution, manufacture | New York : |
| Name of producer, publisher, distributor, manufacturer | Scholastic Inc. |
| Date of production, publication, distribution, manufacture, or copyright notice | 2016 |
| 300 ## - PHYSICAL DESCRIPTION | |
| Extent | 186 pages : |
| Other physical details | map ; |
| Dimensions | 20 cm |
| 336 ## - CONTENT TYPE | |
| Content type term | text |
| Content type code | txt |
| Source | rdacontent |
| 337 ## - MEDIA TYPE | |
| Media type term | unmediated |
| Media type code | n |
| Source | rdamedia |
| 338 ## - CARRIER TYPE | |
| Carrier type term | volume |
| Carrier type code | nc |
| Source | rdacarrier |
| 505 ## - FORMATTED CONTENTS NOTE | |
| Formatted contents note | M |
| 520 ## - SUMMARY, ETC. | |
| Summary, etc. | When Annie spots a dolphin trapped in fishing line in the cove near her house, she rushes to free him. Everyone cheers when she returns to shore, but only Annie knows that she and the dolphin have forged a special bond. He's become her friend--and keeps returning to the cove to visit and play. Meanwhile, out of the water, nothing is going right. Annie's best friend, Emma, has changed, and keeps ditching her to hang out with snobby Morgan. At home, Annie's busy parents barely seem to have time for her, and she's stuck with her hyper younger brother always tagging along. Then a misunderstanding with Morgan makes things even worse ... and ultimately leaves Annie alone and in danger. Can her dolphin friend help her when she needs it most. |
| 521 2# - TARGET AUDIENCE NOTE | |
| Target audience note | 800 <br/> |
| Source | Lexile |
| 521 2# - TARGET AUDIENCE NOTE | |
| Target audience note | M <br/> |
| Source | Raz-Plus |
| 650 #0 - SUBJECT ADDED ENTRY--TOPICAL TERM | |
| Topical term or geographic name entry element | Dolphins |
| Form subdivision | Juvenile fiction. |
| 650 #1 - SUBJECT ADDED ENTRY--TOPICAL TERM | |
| Topical term or geographic name entry element | Dolphins |
| Form subdivision | Fiction. |
| 650 #7 - SUBJECT ADDED ENTRY--TOPICAL TERM | |
| Topical term or geographic name entry element | Dolphins |
| Form subdivision | Fiction. |
| Source of heading or term | sears |
| 650 #7 - SUBJECT ADDED ENTRY--TOPICAL TERM | |
| Topical term or geographic name entry element | Friendship |
| Form subdivision | Fiction. |
| Source of heading or term | sears |
| 856 42 - ELECTRONIC LOCATION AND ACCESS | |
| Materials specified | Contributor biographical information |
| Uniform Resource Identifier | <a href="https://www.loc.gov/catdir/enhancements/fy1703/2016295814-b.html">https://www.loc.gov/catdir/enhancements/fy1703/2016295814-b.html</a> |
| 856 42 - ELECTRONIC LOCATION AND ACCESS | |
| Materials specified | Publisher description |
| Uniform Resource Identifier | <a href="https://www.loc.gov/catdir/enhancements/fy1703/2016295814-d.html">https://www.loc.gov/catdir/enhancements/fy1703/2016295814-d.html</a> |
| 906 ## - LOCAL DATA ELEMENT F, LDF (RLIN) | |
| a | 7 |
| b | cbc |
| c | copycat |
| d | 2 |
| e | ncip |
| f | 20 |
| g | y-gencatlg |
| 942 ## - ADDED ENTRY ELEMENTS (KOHA) | |
| Source of classification or shelving scheme | Dewey Decimal Classification |
| Koha item type | Books |
| Suppress in OPAC | No |
| Withdrawn status | Lost status | Source of classification or shelving scheme | Damaged status | Not for loan | Collection | Home library | Current library | Shelving location | Date acquired | Total Checkouts | Full call number | Barcode | Date last seen | Price effective from | Koha item type |
|---|---|---|---|---|---|---|---|---|---|---|---|---|---|---|---|
| Dewey Decimal Classification | Fiction | Footprints International School Library Network Toul Kork Campus | Footprints International School Library Network Toul Kork Campus | A TK Campus, 4th Floor, Room B401, Fiction Bookcases (1-6) | 04/10/2023 | HAP 813.6 PZ7.H1996 | FISTK05457 | 04/10/2023 | 04/10/2023 | Books |
